000 00422nam a2200193Ia 4500
008 210210b1911 xxu||||| |||| 00| 0 eng d
041 _aeng
082 _a828/673
100 _aWELLDON (B)
245 _aLife of John Oliver Hobbes
260 _aLondon
_bJohn Murray
_c1911
650 _aOliver
650 _aof
650 _aLife
650 _aJohn
650 _aHobbes
690 _aBiography
906 _a016518
999 _c136071
_d136071